| 000 | 00635nam a2200205Ia 4500 | ||
|---|---|---|---|
| 003 | OSt | ||
| 005 | 20220925202836.0 | ||
| 006 | a|||||r|||| 00| 0 | ||
| 007 | ta | ||
| 008 | 220923b |||||||| |||| 00| 0 eng d | ||
| 037 | _cGeneral Book | ||
| 040 |
_aRTL _cRTL _beng |
||
| 041 |
_2eng _aeng |
||
| 245 | 0 | _aRegional variation in agricultural productivity in | |
| 260 |
_aDelhi _bUniversity of Delhi _c1992 |
||
| 300 |
_a238p _ccm. |
||
| 490 | _aUniversity of Delhi, Busienss Economics, (Dept. of-), Thesis. Thesis, University of Delhi, Busienss Economics, (Dept. of- | ||
| 942 |
_cGB _2CC |
||
| 999 |
_c544345 _d544345 |
||